Perspektívy smerovania ruskej ekonomiky a vplyv na spoluprácu s EÚ bakalárska práca

Saved in:
Bibliographic Details
Main Author: Kurejová, Karin
Corporate Author: Obchodná fakulta EU. Katedra medzinárodného obchodu
Other Authors: Barinková, Natália
Format: Book
Language:Slovak
Published: Bratislava 2019
Tags: Add Tag
No Tags, Be the first to tag this record!

MARC

LEADER 00000nbm a2200000 4500
001 0255672
005 20191018141405.9
041 0 |a slo 
044 |a SK 
245 1 0 |a Perspektívy smerovania ruskej ekonomiky a vplyv na spoluprácu s EÚ  |b bakalárska práca  |c Karin Kurejová ; školiteľ: Natália Barinková 
264 1 |a Bratislava  |c 2019 
300 |a 64 s. 
100 1 |a Kurejová, Karin 
700 1 |a Barinková, Natália 
710 2 |a Obchodná fakulta EU. Katedra medzinárodného obchodu